| 000 | 00479nam a2200205Ia 4500 | ||
|---|---|---|---|
| 008 | 210210b1961 xxu||||| |||| 00| 0 eng d | ||
| 041 | _aeng | ||
| 082 | _a331/208 | ||
| 100 | _aSEN (S N) | ||
| 245 | _aCentral banking in undeveloped money markets | ||
| 260 |
_aCalcutta _bBookland Pvt. Ltd. _c1961 |
||
| 650 | _aundeveloped | ||
| 650 | _amoney | ||
| 650 | _amarkets | ||
| 650 | _ain | ||
| 650 | _aCentral | ||
| 650 | _abanking | ||
| 690 | _aBanking | ||
| 906 | _a004110 | ||
| 999 |
_c122945 _d122945 |
||